MARC

LEADER 00000nam0a2200000 4500
001 277340
005 20231101235015.0
035 |a (RuTPU)RU\TPU\book\300613 
090 |a 277340 
100 |a 20141202d1985 k y0rusy5003 ca 
101 0 |a rus 
102 |a RU 
105 |a a z 000zy 
200 1 |a Влияние тектоно-сейсмических процессов на образование и накопление углеводородов  |f Академия наук СССР (АН СССР), Сибирское отделение (СО), Институт физико-технических проблем Севера (ИФТПС) ; под ред. А. А. Трофимука 
210 |a Новосибирск  |c Наука  |d 1985 
215 |a 224 с.  |c ил. 
606 1 |a Углеводороды  |2 stltpush  |3 (RuTPU)RU\TPU\subj\62239  |9 79380 
610 1 |a тектоника 
610 1 |a сейсмические процессы 
610 1 |a образование 
610 1 |a накопление 
610 1 |a происхождение 
610 1 |a движущие силы 
610 1 |a моделирование 
610 1 |a органические вещества 
610 1 |a миграция 
610 1 |a природные ресурсы 
610 1 |a нефтегазонакопление 
675 |a 552.578.061.3  |z rus  |v 4 
702 1 |a Трофимук  |b А. А.  |g Андрей Алексеевич  |4 340 
712 0 2 |a Академия наук СССР (АН СССР)  |b Сибирское отделение (СО)  |b Институт физико-технических проблем Севера (ИФТПС)  |c (Якутск)  |2 stltpush  |3 (RuTPU)RU\TPU\col\13084 
801 0 |a RU  |b RuMRKP  |c 19950704  |g psbo 
801 1 |a RU  |b 63413507  |c 20141202 
801 2 |a RU  |b 63413507  |c 20171220  |g RCR 
942 |c BK